Rainbow Six Siege Gadgets - Statistics

General Stats
  • This quiz has been taken 596 times
    566 since last reset
  • The average score is 51 of 70
Answer Stats
Hint Answer % Correct
S.E.L.M.A. Aqua Breacher Ace
98%
Garra Hook Amaru
90%
Flash Shield Blitz
90%
Kiba Barrier Azami
89%
Rifle Shield Blackbeard
89%
Prisma Alibi
87%
Tactical Crossbow Capitao
87%
Surya Gate Aruni
86%
Skeleton Key Buck
86%
Stim Pistol Doc
86%
Kludge Drone Brava
85%
M120 CREM Breaching Rounds Ash
83%
CED-1 Shock Wire Bandit
83%
Adrenal Surge Finka
82%
Welcome Mat Frost
82%
Silent Step Caveira
81%
Yokai Echo
80%
CCE Shield Clash
79%
Grzmot Mine Ela
79%
Kawan Hive Launcher Grim
78%
Gu Mines Lesion
78%
Black Mirror Mira
78%
APM-6 Cluster Charge Fuze
77%
Electronics Detector IQ
77%
Signal Disruptor Mute
77%
F-Natt Dread Mine Fenrir
76%
Logic Bomb Dokkaebi
75%
Volcan Shield Goyo
75%
Breaching Torch Maverick
75%
Rtila Electroclaw Kaid
74%
Airjab Launcher Nomad
73%
Remah Dash Oryx
73%
HB-5 Cardiac Sensor Pulse
73%
The Caber Tactical Breaching Hammer Sledge
73%
Remote Gas Grenade Smoke
73%
Gemini Replicator Iana
72%
ADS Active Defense System Jäger
72%
EDD-MK II Entry Denial Device Kapkan
72%
HDS Flipsight Glaz
71%
EE-ONE-D Lion
71%
EMP Grenade Thatcher
71%
Trax Stingers Gridlock
70%
X-KAIROS Hibana
70%
Evil Eye Maestro
70%
Le Roc Shield Montagne
70%
R1N "RHINO" Armor Rook
70%
Eyenox Model III Jackal
69%
Banshee Sonic Defense Melusi
68%
Talon-8 Clear Shield Osa
68%
Glance Smart Glasses Warden
68%
Razorbloom Shell Thorn
67%
Kona Station Thunderbird
67%
Pest Launcher Mozzie
66%
Exothermic Charge Thermite
66%
RSD MODEL 1 Shock Drone Twitch
66%
Black Eye Valkyrie
66%
RCE-Ratero Charge Flores
63%
BU-GI Auto Breacher Ram
63%
Candela Device Ying
63%
Mag-NET System Wamai
61%
UTP-1 Universal Tactical Panel Castle
60%
LV Explosive Lance Kali
60%
HEL Presence Reduction Nokk
60%
Shumikha Launcher Tachanka
60%
Spec-IO Electro-Sensor Solis
58%
Argus Launcher Zero
56%
KS79 LIFELINE Zofia
51%
R.O.U. Projector System Sens
50%
Zoto Canister Tubaraõ
49%
ERC-7 Vigil
49%
No matching quizzes found
Score Distribution
Percent of People with Each Score
Percentile by Number Answered
Your Score History
You have not taken this quiz since the last reset